[Event "FRA-ch U18 Girls"]
[Site "Troyes"]
[Date "2010.04.12"]
[Round "2"]
[White "Dubois, Emmanuelle"]
[Black "Macarry, Elodie"]
[Result "0-1"]
[WhiteElo "1811"]
[BlackElo "1898"]
[PlyCount "108"]
[EventDate "2010.04.11"]
[EventType "swiss"]
[EventRounds "9"]
[EventCountry "FRA"]
[SourceTitle "EXT 2012"]
[Source "ChessBase"]
[SourceDate "2011.11.24"]
[SourceVersion "1"]
[SourceVersionDate "2011.11.24"]
[SourceQuality "1"]

1. e4 c6 2. d4 d5 3. exd5 cxd5 4. Bd3 Nc6 5. c3 Qc7 6. Bg5 e5 7. dxe5 Nxe5 8. Bb5+ Nc6 9. Qxd5 Be6 10. Qe4 Bc5 11. a4 Nge7 12. Bxe7 Bxe7 13. Nf3 0-0 14. Nbd2 Rad8 15. 0-0 Bd5 16. Qe2 Rfe8 17. Rfe1 Qc8 18. Qf1 Qg4 19. h3 Qf4 20. Re2 a6 21. Bxc6 Bxc6 22. Rae1 Bd6 23. Rxe8+ Bxe8 24. Re4 Qf6 25. Qe1 Bc6 26. Rd4 Bc5 27. Ne4 Bxe4 28. Rxd8+ Qxd8 29. Qxe4 Qd1+ 30. Qe1 Qxa4 31. b4 Bf8 32. Nd4 Qd7 33. Qe4 h6 34. Qf5 Qe7 35. Qb1 Qe5 36. g3 Qe8 37. Kg2 Qc8 38. Qd3 Be7 39. Qe3 Qd7 40. f3 Bf6 41. h4 Qc7 42. Qe8+ Kh7 43. Qe4+ g6 44. h5 Qxc3 45. hxg6+ fxg6 46. Qxb7+ Bg7 47. Nc6 Qc2+ 48. Kh3 Qa2 49. Nb8 a5 50. bxa5 Qxa5 51. Qf7 Qa1 52. Nd7 Qh1+ 53. Kg4 Qh5+ 54. Kf4 g5+ 0-1

[Event "FRA-ch U18 Girls"]
[Site "Troyes"]
[Date "2010.04.11"]
[Round "1"]
[White "Macarry, Elodie"]
[Black "Generet, Elise"]
[Result "1-0"]
[WhiteElo "1898"]
[BlackElo "1610"]
[PlyCount "73"]
[EventDate "2010.04.11"]
[EventType "swiss"]
[EventRounds "9"]
[EventCountry "FRA"]
[SourceTitle "EXT 2012"]
[Source "ChessBase"]
[SourceDate "2011.11.24"]
[SourceVersion "1"]
[SourceVersionDate "2011.11.24"]
[SourceQuality "1"]

1. e4 e5 2. Nf3 Nc6 3. Bc4 Bc5 4. d3 d6 5. 0-0 Be6 6. Bb3 Nge7 7. Bxe6 fxe6 8. Ng5 Qd7 9. c3 0-0 10. Nd2 Rf6 11. Nb3 Bb6 12. h4 Raf8 13. d4 a6 14. Nf3 Ng6 15. h5 Nf4 16. dxe5 R6f7 17. exd6 cxd6 18. Ng5 e5 19. Nxf7 Rxf7 20. Be3 Bd8 21. Nd2 b5 22. c4 Qe6 23. cxb5 axb5 24. Nb3 Bc7 25. Rc1 Nb4 26. Bxf4 exf4 27. a3 Na6 28. Qf3 Qe5 29. Rc2 Bb6 30. Rd1 Re7 31. Rd5 Qe6 32. Rxb5 Bc5 33. Nxc5 Nxc5 34. Rb8+ Re8 35. Rxe8+ Qxe8 36. Qxf4 Nxe4 37. Qf5 1-0

[Event "FRA-chT1 0910"]
[Site "France"]
[Date "2009.11.21"]
[Round "4.8"]
[White "Macarry, Elodie"]
[Black "Verot, Melanie"]
[Result "1-0"]
[WhiteElo "1892"]
[BlackElo "2116"]
[PlyCount "119"]
[EventDate "2009.09.27"]
[EventType "team-tourn"]
[EventRounds "11"]
[EventCountry "FRA"]
[SourceTitle "EXT 2011"]
[Source "ChessBase"]
[SourceDate "2010.11.26"]
[SourceVersion "1"]
[SourceVersionDate "2010.11.26"]
[SourceQuality "1"]

1. e4 c5 2. Nf3 d6 3. c3 Nf6 4. Be2 Nc6 5. Qc2 g6 6. 0-0 Bg7 7. d4 cxd4 8. cxd4 0-0 9. Rd1 Qb6 10. Nc3 Bg4 11. Be3 Qa5 12. Rac1 Rac8 13. Qb3 Qb4 14. Qc2 Na5 15. a3 Qb3 16. Qb1 Nc4 17. Bxc4 Qxc4 18. Nd5 Qb3 19. Nxe7+ Kh8 20. Nxc8 Bxc8 21. Rc3 Qa4 22. Rdc1 Bd7 23. Bf4 d5 24. Bd6 Re8 25. e5 Ne4 26. Rc7 Bf5 27. b3 Qa6 28. Qb2 Bh6 29. Rd1 Kg8 30. Bb4 Qb5 31. Bd2 Qe2 32. Qc1 Qxf2+ 33. Kh1 Nxd2 34. Rxd2 Bxd2 35. Qxd2 Qf1+ 36. Ng1 Qa6 37. Qb4 b6 38. Qd6 Qb5 39. Qc6 Qxc6 40. Rxc6 Rc8 41. Rxc8+ Bxc8 42. b4 Kf8 43. Ne2 Ba6 44. Nc3 Bc4 45. Kg1 Ke7 46. Kf2 Ke6 47. Kf3 a6 48. Na4 Bb3 49. Nxb6 h6 50. Kf4 g5+ 51. Ke3 h5 52. g3 Bd1 53. h4 Bb3 54. hxg5 Kf5 55. a4 Kxg5 56. b5 a5 57. Kf3 Kf5 58. Nc8 Bd1+ 59. Ke3 Bxa4 60. b6 1-0

[Event "FRA-chT2 Top 12 (Women)"]
[Site "France"]
[Date "2009.05.24"]
[Round "3.3"]
[White "Bartolo, Alexia"]
[Black "Macarry, Elodie"]
[Result "0-1"]
[WhiteElo "1563"]
[BlackElo "1863"]
[PlyCount "94"]
[EventDate "2009.05.23"]
[EventType "team-swiss"]
[EventRounds "3"]
[EventCountry "FRA"]
[SourceTitle "EXT 2010"]
[Source "ChessBase"]
[SourceDate "2010.11.25"]
[SourceVersion "1"]
[SourceVersionDate "2010.11.25"]
[SourceQuality "1"]

1. e4 c6 2. d4 d5 3. c3 dxe4 4. Bc4 Nf6 5. Bg5 h6 6. Bh4 Nbd7 7. Nd2 g5 8. Bg3 Nb6 9. Bb3 Bf5 10. Ne2 e6 11. Be5 Bd6 12. Ng3 Bxe5 13. dxe5 Ng4 14. Ndxe4 Nxe5 15. Nd6+ Kf8 16. Ngxf5 exf5 17. Nxf5 Nd3+ 18. Kf1 Qd7 19. Bc2 Nxb2 20. Qxd7 Nxd7 21. Rb1 Nc4 22. Rxb7 Nde5 23. Ke2 Ng4 24. f3 Re8+ 25. Be4 Nf6 26. Kd3 Ne5+ 27. Kc2 Nh5 28. Rhb1 Nf4 29. Rb8 Nfg6 30. Rxe8+ Kxe8 31. Rb8+ Kd7 32. Rb7+ Ke6 33. Nd4+ Kd6 34. Bxg6 fxg6 35. Rxa7 c5 36. Ra6+ Kd5 37. Nb3 Re8 38. Ra5 Nd7 39. Kd2 Re6 40. Ra8 Rd6 41. Ke3 Kc4 42. Nd2+ Kb5 43. a4+ Kc6 44. Ra6+ Kd5 45. Rxd6+ Kxd6 46. a5 Kc6 47. c4 Nb8 0-1

[Event "FRA-chT2 Top 12 (Women)"]
[Site "France"]
[Date "2009.05.24"]
[Round "2.3"]
[White "Macarry, Elodie"]
[Black "Thuret, Marine"]
[Result "1-0"]
[WhiteElo "1863"]
[BlackElo "1764"]
[PlyCount "57"]
[EventDate "2009.05.23"]
[EventType "team-swiss"]
[EventRounds "3"]
[EventCountry "FRA"]
[SourceTitle "EXT 2010"]
[Source "ChessBase"]
[SourceDate "2010.11.25"]
[SourceVersion "1"]
[SourceVersionDate "2010.11.25"]
[SourceQuality "1"]

1. e4 c5 2. Nf3 d6 3. c3 Nf6 4. Bd3 a6 5. Bc2 e6 6. d4 Nbd7 7. 0-0 b5 8. e5 dxe5 9. dxe5 Nd5 10. Re1 Be7 11. Nbd2 Qc7 12. Nf1 Bb7 13. Qe2 Rd8 14. Ng5 Bxg5 15. Bxg5 Rc8 16. Ng3 h6 17. Bd2 Ke7 18. f4 N7b6 19. f5 Nc4 20. Bc1 Qc6 21. Be4 Nxe5 22. fxe6 fxe6 23. Qh5 Nd7 24. Qg6 Rhg8 25. Nf5+ Kd8 26. Nxg7 Ne5 27. Qxh6 Nf7 28. Qg6 Ne5 29. Qg5+ 1-0

[Event "FRA-ch U18 Girls"]
[Site "Aix les Bains"]
[Date "2009.04.22"]
[Round "5"]
[White "Macarry, Elodie"]
[Black "Richard, Emma"]
[Result "0-1"]
[WhiteElo "1863"]
[BlackElo "2070"]
[PlyCount "106"]
[EventDate "2009.04.19"]
[EventType "swiss"]
[EventRounds "9"]
[EventCountry "FRA"]
[SourceTitle "CBM 130 Extra"]
[Source "ChessBase"]
[SourceDate "2009.07.02"]
[SourceVersion "2"]
[SourceVersionDate "2009.07.15"]
[SourceQuality "1"]

1. e4 c5 2. Nf3 e6 3. c3 d5 4. exd5 Qxd5 5. d4 cxd4 6. cxd4 Nf6 7. Nc3 Qd8 8. Bd3 Be7 9. 0-0 0-0 10. Re1 b6 11. Ne4 Bb7 12. Nxf6+ Bxf6 13. Be4 Bxe4 14. Rxe4 Nc6 15. Bf4 Qd5 16. Re2 Nxd4 17. Nxd4 Qxd4 18. Qxd4 Bxd4 19. Rd1 Bf6 20. h3 h6 21. b3 Rfd8 22. Red2 Rxd2 23. Rxd2 Rd8 24. Rxd8+ Bxd8 25. Kf1 Kf8 26. Ke2 Ke8 27. Kd3 Kd7 28. Kc4 a6 29. Be3 Kc6 30. Bd4 g6 31. Be3 b5+ 32. Kd4 f6 33. Bxh6 Bb6+ 34. Ke4 Bxf2 35. Bg7 Bh4 36. g3 f5+ 37. Kf4 Bd8 38. Ke5 Kd7 39. Kd4 Bb6+ 40. Kd3 Kd6 41. Bh6 Ke5 42. Bf4+ Kd5 43. Bd2 Bc7 44. Be1 e5 45. Bf2 e4+ 46. Ke2 g5 47. h4 gxh4 48. gxh4 f4 49. Be1 Kd4 50. h5 f3+ 51. Kf2 Kd3 52. h6 Be5 53. Bb4 Bd4+ 0-1

[Event "FRA-ch U18 Girls"]
[Site "Aix les Bains"]
[Date "2009.04.19"]
[Round "1"]
[White "Anamba Onana, Marie Therese"]
[Black "Macarry, Elodie"]
[Result "0-1"]
[WhiteElo "1540"]
[BlackElo "1863"]
[PlyCount "98"]
[EventDate "2009.04.19"]
[EventType "swiss"]
[EventRounds "9"]
[EventCountry "FRA"]
[SourceTitle "CBM 130 Extra"]
[Source "ChessBase"]
[SourceDate "2009.07.02"]
[SourceVersion "2"]
[SourceVersionDate "2009.07.15"]
[SourceQuality "1"]

1. e4 c6 2. d4 d5 3. e5 Bf5 4. Nf3 e6 5. c3 Nd7 6. Bf4 Ne7 7. Nbd2 c5 8. Bb5 Nc6 9. Bg3 Qb6 10. Bxc6 bxc6 11. Qc1 Rb8 12. b3 cxd4 13. cxd4 c5 14. Qb2 Bd3 15. Qc3 Ba6 16. Qe3 cxd4 17. Nxd4 Nc5 18. h3 Nd3+ 19. Kf1 Bc5 20. N2f3 Nf4+ 21. Kg1 Ne2+ 22. Kh2 Nxd4 23. Rac1 Nxf3+ 24. Qxf3 0-0 25. Rhd1 Rbc8 26. Rd2 Bb4 27. Rdc2 Rxc2 28. Rxc2 Rc8 29. Rb2 d4 30. Bf4 d3 31. Bg5 Qd4 32. Rb1 Qxe5+ 33. Bf4 Qe2 34. Qe3 Qxe3 35. Bxe3 d2 36. Rd1 Be2 37. Rxd2 Bxd2 38. Bxd2 Rc2 39. Be3 Rxa2 40. b4 a6 41. h4 Kf8 42. Kh3 Ke7 43. Bc5+ Kd7 44. Bf8 g6 45. Bc5 Rc2 46. Bf8 Rc3+ 47. g3 Kc6 48. Be7 Kb5 49. Kg2 Rc4 0-1

[Event "FRA-chT2 South 0809"]
[Site "France"]
[Date "2009.02.08"]
[Round "7.8"]
[White "Macarry, Elodie"]
[Black "Lebel Arias, Julia"]
[Result "0-1"]
[WhiteElo "1863"]
[BlackElo "1997"]
[PlyCount "58"]
[EventDate "2008.10.12"]
[EventType "team-tourn"]
[EventRounds "11"]
[EventCountry "FRA"]
[SourceTitle "EXT 2010"]
[Source "ChessBase"]
[SourceDate "2010.11.25"]
[SourceVersion "1"]
[SourceVersionDate "2010.11.25"]
[SourceQuality "1"]
[WhiteTeam "Hyeres II"]
[BlackTeam "Monaco"]
[WhiteTeamCountry "FRA"]
[BlackTeamCountry "FRA"]

1. e4 c6 2. d4 g6 3. Nf3 Bg7 4. Bd3 d6 5. c3 Nh6 6. Bf4 f6 7. d5 c5 8. c4 Nf7 9. Nc3 0-0 10. h3 Nd7 11. Qd2 a6 12. 0-0 Nde5 13. Nxe5 dxe5 14. Be3 b6 15. Rab1 f5 16. exf5 gxf5 17. f4 e4 18. Be2 a5 19. Qc2 Bd7 20. Rfd1 Nd6 21. Rd2 Qe8 22. Qb3 Rb8 23. Qc2 Qg6 24. a3 Qg3 25. Bf1 Qxe3+ 26. Rf2 Bd4 27. Nd1 Qxf4 28. Kh1 Qg3 29. Rd2 Be5 0-1

[Event "FRA-chT2 South 0809"]
[Site "France"]
[Date "2008.11.23"]
[Round "3.8"]
[White "Cordonnier, Agnes"]
[Black "Macarry, Elodie"]
[Result "0-1"]
[WhiteElo "1630"]
[BlackElo "1863"]
[PlyCount "128"]
[EventDate "2008.10.12"]
[EventType "team-tourn"]
[EventRounds "11"]
[EventCountry "FRA"]
[SourceTitle "EXT 2010"]
[Source "ChessBase"]
[SourceDate "2010.11.25"]
[SourceVersion "1"]
[SourceVersionDate "2010.11.25"]
[SourceQuality "1"]
[WhiteTeam "Clermont Ferrand"]
[BlackTeam "Hyeres II"]
[WhiteTeamCountry "FRA"]
[BlackTeamCountry "FRA"]

1. e4 c6 2. d4 d5 3. exd5 cxd5 4. Bd3 Nc6 5. c3 Nf6 6. Bf4 Bg4 7. Qb3 Qc8 8. Nd2 e6 9. Ngf3 Be7 10. 0-0 0-0 11. Rfe1 a6 12. Ne5 Bh5 13. Ndf3 Bd6 14. Bg5 Ng4 15. Nxg4 Bxg4 16. Re3 f5 17. h3 Bh5 18. Rae1 Bf7 19. R3e2 h6 20. Bd2 Bb8 21. Ne5 Nxe5 22. dxe5 Bh5 23. f3 Qc5+ 24. Be3 Qe7 25. Bd4 b5 26. Qc2 Ba7 27. Rf2 Rac8 28. Qd2 Rc6 29. f4 Bb6 30. a4 Bxd4 31. cxd4 bxa4 32. Qa5 Qb7 33. Be2 Bxe2 34. Rexe2 Rc4 35. Rc2 Rxd4 36. Rc7 Qa8 37. Qb6 Rd1+ 38. Kh2 Re8 39. Rc6 Kf7 40. Qxa6 Qxa6 41. Rxa6 Rd4 42. Ra7+ Re7 43. Ra6 Rb7 44. g3 Rdb4 45. Kg2 d4 46. Rd6 Ke7 47. h4 R7b6 48. Rxb6 Rxb6 49. Rd2 Rb4 50. Kf3 Kd7 51. h5 Kc6 52. Kf2 Kd5 53. Kf3 Rb3+ 54. Kf2 Ke4 55. Rc2 Kd3 56. Rc6 Rxb2+ 57. Kf3 a3 58. Rxe6 a2 59. Ra6 Kc2 60. e6 Kb1 61. e7 Rb8 62. Re6 a1Q 63. e8Q Rxe8 64. Rxe8 Qc3+ 0-1

[Event "FRA-ch op-B"]
[Site "Pau"]
[Date "2008.08.21"]
[Round "9"]
[White "Leroux, Mathieu"]
[Black "Macarry, Elodie"]
[Result "1-0"]
[WhiteElo "1970"]
[BlackElo "1809"]
[PlyCount "73"]
[EventDate "2008.08.11"]
[EventType "swiss"]
[EventRounds "11"]
[EventCountry "FRA"]
[SourceTitle "CBM 126 Extra"]
[Source "ChessBase"]
[SourceDate "2008.11.05"]
[SourceVersion "1"]
[SourceVersionDate "2008.11.05"]
[SourceQuality "1"]

1. e4 c6 2. d4 d5 3. exd5 cxd5 4. Bd3 Nc6 5. c3 Nf6 6. Ne2 Bg4 7. 0-0 e6 8. Re1 Bd6 9. f3 Bh5 10. Bf4 Bg6 11. Qc2 Bxd3 12. Qxd3 Bxf4 13. Nxf4 Qd6 14. Qd2 g5 15. Nd3 Rg8 16. Ne5 Nh5 17. Qd3 Rg7 18. g3 0-0-0 19. Kg2 Ne7 20. Nd2 Ng6 21. Nxg6 Rxg6 22. c4 g4 23. f4 Qxf4 24. Rf1 Qh6 25. Rxf7 Rg7 26. Raf1 Kb8 27. c5 Rd7 28. Rf8+ Kc7 29. Nb3 Qg6 30. Qe3 Qg5 31. Qc3 Qg6 32. Qa5+ Kc6 33. Rc8+ Rc7 34. Qa4+ b5 35. Qa6+ Kd7 36. Qd6+ Kxc8 37. Rf8+ 1-0

[Event "FRA-ch op-B"]
[Site "Pau"]
[Date "2008.08.15"]
[Round "3"]
[White "Giry, Jean Marc"]
[Black "Macarry, Elodie"]
[Result "1-0"]
[WhiteElo "1934"]
[BlackElo "1809"]
[PlyCount "75"]
[EventDate "2008.08.11"]
[EventType "swiss"]
[EventRounds "11"]
[EventCountry "FRA"]
[SourceTitle "CBM 126 Extra"]
[Source "ChessBase"]
[SourceDate "2008.11.05"]
[SourceVersion "1"]
[SourceVersionDate "2008.11.05"]
[SourceQuality "1"]

1. c4 c6 2. g3 Nf6 3. Bg2 d5 4. d4 dxc4 5. Nf3 Nbd7 6. 0-0 g6 7. Qc2 Nb6 8. e4 Bg7 9. h3 0-0 10. Na3 h6 11. Be3 Be6 12. Rfd1 Nbd7 13. Nh4 Nb6 14. Nf3 Ne8 15. Ne5 Nc7 16. Naxc4 Nxc4 17. Nxc4 Qd7 18. Ne5 Qc8 19. Kh2 Kh7 20. Nd3 Na6 21. Nf4 Bd7 22. Rac1 e5 23. dxe5 Bxe5 24. Rd2 Be6 25. Nxe6 Qxe6 26. a3 Rfe8 27. Rcd1 b6 28. f4 Bc7 29. e5 Rac8 30. Qxc6 Qb3 31. Qd5 Qxd5 32. Bxd5 Nb8 33. Bxf7 Re7 34. Bb3 Rf8 35. Rc1 g5 36. Rdc2 Bd8 37. Rc8 Nd7 38. Rd1 1-0

[Event "FRA-ch U16 Girls"]
[Site "Le Grand Bornand"]
[Date "2007.04.??"]
[Round "8"]
[White "Bomba, Melody"]
[Black "Macarry, Elodie"]
[Result "0-1"]
[WhiteElo "1790"]
[BlackElo "1819"]
[PlyCount "84"]
[EventDate "2007.04.07"]
[EventType "swiss"]
[EventRounds "9"]
[EventCountry "FRA"]
[SourceTitle "CBM 118 Extra"]
[Source "ChessBase"]
[SourceDate "2007.07.04"]
[SourceVersion "1"]
[SourceVersionDate "2007.07.04"]
[SourceQuality "1"]

1. d4 d5 2. e4 dxe4 3. Nc3 Nf6 4. Bg5 Bf5 5. Bc4 h6 6. Bh4 g5 7. Bg3 a6 8. Nge2 Nc6 9. a3 e6 10. Qd2 Bd6 11. d5 Bxg3 12. Nxg3 Ne5 13. Bb3 Qd6 14. 0-0-0 0-0-0 15. h3 Kb8 16. Qe3 Qf8 17. Ngxe4 Bxe4 18. Nxe4 Nxd5 19. Bxd5 exd5 20. Nc3 Nc4 21. Qf3 c6 22. Rhe1 Re8 23. Ne2 Qg7 24. c3 Qg6 25. Nd4 Ka8 26. Nb3 f6 27. Qg3 Rh7 28. Nc5 Rhe7 29. f3 Qf7 30. Qf2 Qf8 31. Na4 Ne5 32. Nb6+ Kb8 33. Kc2 Qg8 34. Qg3 Kc7 35. Qf2 Qg6+ 36. Kb3 Nd3 37. Rxe7+ Rxe7 38. Qd4 Nf4 39. Qc5 Re2 40. Rc1 Rxb2+ 41. Ka4 Rxb6 42. Qe7+ Kb8 0-1

[Event "FRA-ch U16 Girls"]
[Site "Le Grand Bornand"]
[Date "2007.04.??"]
[Round "3"]
[White "Cechetto, Lea"]
[Black "Macarry, Elodie"]
[Result "1/2-1/2"]
[WhiteElo "1770"]
[BlackElo "1819"]
[PlyCount "88"]
[EventDate "2007.04.07"]
[EventType "swiss"]
[EventRounds "9"]
[EventCountry "FRA"]
[SourceTitle "CBM 118 Extra"]
[Source "ChessBase"]
[SourceDate "2007.07.04"]
[SourceVersion "1"]
[SourceVersionDate "2007.07.04"]
[SourceQuality "1"]

1. e4 c6 2. d4 d5 3. Nc3 dxe4 4. Nxe4 Nf6 5. Ng3 Bg4 6. f3 Bh5 7. Nxh5 Nxh5 8. Be3 e6 9. Bd3 Bd6 10. Qd2 Qc7 11. g3 Nd7 12. f4 Nhf6 13. Nf3 c5 14. 0-0 0-0 15. c3 c4 16. Bc2 Nd5 17. Kg2 Rfe8 18. h4 N7f6 19. Ng5 b5 20. a3 a5 21. Ne4 Qc6 22. Kg1 Rab8 23. Nxd6 Qxd6 24. Rae1 b4 25. axb4 axb4 26. Re2 bxc3 27. bxc3 Qa3 28. Rc1 Kf8 29. Bf2 Qxc3 30. Ba4 Qxd2 31. Rxd2 Rec8 32. Rdc2 Rb4 33. Ra2 Ra8 34. Bb3 Rxa2 35. Bxa2 Nb6 36. d5 Nfxd5 37. Bc5+ Ke8 38. Bxb4 Nxb4 39. Bxc4 N6d5 40. Kf2 Ke7 41. Kf3 Kf6 42. Rb1 h6 43. Bxd5 Nxd5 44. Rb7 Ne7 1/2-1/2

[Event "FRA-chT1B 0607"]
[Site "France"]
[Date "2007.02.25"]
[Round "9.8"]
[White "Macarry, Elodie"]
[Black "Richard, Emma"]
[Result "0-1"]
[WhiteElo "1921"]
[BlackElo "2006"]
[PlyCount "82"]
[EventDate "2006.10.15"]
[EventType "team"]
[EventRounds "11"]
[EventCountry "FRA"]
[SourceTitle "EXT 2008"]
[Source "ChessBase"]
[SourceDate "2007.11.25"]
[SourceVersion "1"]
[SourceVersionDate "2007.11.25"]
[SourceQuality "1"]
[WhiteTeam "Hyeres"]
[BlackTeam "Mulhouse II"]
[WhiteTeamCountry "FRA"]
[BlackTeamCountry "FRA"]

1. e4 c5 2. Nc3 Nc6 3. f4 e6 4. Nf3 a6 5. a4 d5 6. g3 Nf6 7. e5 Nd7 8. Bg2 Be7 9. d3 0-0 10. 0-0 Rb8 11. Qe2 b5 12. axb5 axb5 13. Kh1 b4 14. Nd1 Nb6 15. Ne3 d4 16. Ng4 Nd5 17. Nd2 Na5 18. Nb3 Nxb3 19. cxb3 f5 20. exf6 Bxf6 21. Qc2 Qd6 22. Nf2 Be7 23. Ne4 Qc6 24. Bd2 Bb7 25. Rfc1 Rfc8 26. Kg1 Qb6 27. Bh3 Nf6 28. Nxf6+ Bxf6 29. Re1 Re8 30. Re2 e5 31. Rae1 e4 32. dxe4 d3 33. Qc4+ Kh8 34. Rf2 Bd4 35. Be3 Rxe4 36. Qc1 Rbe8 37. Rf3 Rxe3 38. Rfxe3 Qc6 39. g4 Qh1+ 40. Kf2 Qf3+ 41. Kg1 Bxe3+ 0-1

[Event "FRA-ch U14 Girls"]
[Site "Aix les Bains"]
[Date "2006.04.22"]
[Round "8"]
[White "Copin, Oceane"]
[Black "Macarry, Elodie"]
[Result "1/2-1/2"]
[WhiteElo "1630"]
[BlackElo "1840"]
[PlyCount "71"]
[EventDate "2006.04.16"]
[EventType "swiss"]
[EventRounds "9"]
[EventCountry "FRA"]
[SourceTitle "EXT 2007"]
[Source "ChessBase"]
[SourceDate "2006.11.23"]
[SourceVersion "1"]
[SourceVersionDate "2006.11.23"]
[SourceQuality "1"]

1. e4 c6 2. d4 d5 3. exd5 cxd5 4. Bd3 Nc6 5. c3 Nf6 6. Bf4 Bg4 7. Qb3 Qd7 8. Nd2 e6 9. Ngf3 Bxf3 10. Nxf3 Be7 11. Bb5 0-0 12. Ne5 Qc8 13. 0-0-0 Ne4 14. Qc2 Nxe5 15. dxe5 Qc5 16. Bd3 Nxf2 17. Bxh7+ Kh8 18. Bd3 Nxh1 19. Rxh1 Qa5 20. Qe2 g6 21. Kb1 Kg7 22. h4 Rh8 23. h5 Rag8 24. h6+ Kh7 25. Qg4 Qd8 26. Qf3 Rf8 27. Qh5 Rhg8 28. g3 a6 29. Rd1 b5 30. b3 Kh8 31. Qg4 Re8 32. h7 Rg7 33. Rh1 Rxh7 34. Rxh7+ Kxh7 35. Qh5+ Kg8 36. Bxg6 1/2-1/2

[Event "FRA-ch U14 Girls"]
[Site "Aix les Bains"]
[Date "2006.??.??"]
[Round "7"]
[White "Macarry, Elodie"]
[Black "Jeannerot, Lea"]
[Result "1-0"]
[WhiteElo "1840"]
[BlackElo "1630"]
[PlyCount "65"]
[EventDate "2006.04.16"]
[EventType "swiss"]
[EventRounds "9"]
[EventCountry "FRA"]
[SourceTitle "EXT 2007"]
[Source "ChessBase"]
[SourceDate "2006.11.23"]
[SourceVersion "1"]
[SourceVersionDate "2006.11.23"]
[SourceQuality "1"]

1. e4 e5 2. Nc3 Nf6 3. Bc4 Bc5 4. d3 d6 5. f4 Nc6 6. Nf3 Bg4 7. h3 Bxf3 8. Qxf3 Nd4 9. Qg3 Nxc2+ 10. Kd1 Nxa1 11. Qxg7 Rf8 12. fxe5 dxe5 13. Rf1 Be7 14. Bg5 Nh5 15. Bxf7+ Kd7 16. Qxe5 Kc8 17. Nd5 Qd6 18. Qxe7 Qxe7 19. Bxe7 Rh8 20. Bxh5 Kd7 21. Bg4+ Kc6 22. Kd2 b6 23. Rc1+ Kb7 24. Rxc7+ Ka6 25. Nb4+ Ka5 26. Bd7 Rhg8 27. g4 a6 28. Nc6+ Ka4 29. b3+ Nxb3+ 30. axb3+ Kxb3 31. Nd4+ Kb2 32. Rc2+ Kb1 33. Be6 1-0

[Event "FRA-chT U20"]
[Site "Pau"]
[Date "2005.12.18"]
[Round "4"]
[White "Moussard, Jules"]
[Black "Macarry, Elodie"]
[Result "0-1"]
[WhiteElo "2099"]
[BlackElo "1850"]
[PlyCount "60"]
[EventDate "2005.12.??"]
[EventType "team"]
[EventRounds "11"]
[EventCountry "FRA"]
[SourceTitle "EXT 2007"]
[Source "ChessBase"]
[SourceDate "2006.11.23"]
[SourceVersion "1"]
[SourceVersionDate "2006.11.23"]
[SourceQuality "1"]
[WhiteTeam "Paris NAO"]
[BlackTeam "Hyeres"]
[WhiteTeamCountry "FRA"]
[BlackTeamCountry "FRA"]

1. e4 c6 2. d4 d5 3. Nc3 dxe4 4. Nxe4 Nf6 5. Nxf6+ gxf6 6. c3 Bf5 7. Bc4 e6 8. Nf3 Qc7 9. Qe2 Nd7 10. Nh4 Bg6 11. g3 Bd6 12. Ng2 0-0-0 13. Bh6 Rde8 14. 0-0 Rhg8 15. Nh4 f5 16. f4 Nf6 17. Ng2 Bh5 18. Qc2 Ne4 19. Bd3 Nxg3 20. hxg3 Rxg3 21. Bxf5 Bf3 22. Rxf3 Rxf3 23. Qe2 Rg3 24. Bg4 Bxf4 25. Bg7 f5 26. Bh5 Be3+ 27. Kf1 Qf4+ 28. Ke1 Qe4 29. Bh6 Rxg2 30. Qxe3 Qh4+ 0-1

[Event "FRA-chT U20 0506"]
[Site "France"]
[Date "2005.11.13"]
[Round "3.4"]
[White "Louis, Thibault"]
[Black "Macarry, Elodie"]
[Result "1-0"]
[WhiteElo "1720"]
[BlackElo "1850"]
[PlyCount "47"]
[EventDate "2005.11.12"]
[EventType "team"]
[EventRounds "3"]
[EventCountry "FRA"]
[SourceTitle "CBM 109 Extra"]
[Source "ChessBase"]
[SourceDate "2006.01.03"]
[SourceVersion "2"]
[SourceVersionDate "2006.01.03"]
[SourceQuality "1"]

1. e4 e5 2. Nf3 Nc6 3. Bb5 a6 4. Ba4 Nf6 5. 0-0 b5 6. Bb3 d6 7. c3 Be7 8. h3 0-0 9. Re1 h6 10. d4 Bd7 11. a4 exd4 12. axb5 axb5 13. Rxa8 Qxa8 14. cxd4 Na5 15. Bc2 Bc6 16. d5 Bd7 17. Nd4 Nh7 18. Qd3 Qb7 19. e5 g6 20. e6 Bxe6 21. dxe6 f5 22. Bxh6 Re8 23. Nxf5 Bf6 24. Nxd6 1-0

[Event "FRA-chT U20 0506"]
[Site "France"]
[Date "2005.11.13"]
[Round "2.4"]
[White "Macarry, Elodie"]
[Black "Cayla, Jonathan"]
[Result "1-0"]
[WhiteElo "1850"]
[BlackElo "1560"]
[PlyCount "125"]
[EventDate "2005.11.12"]
[EventType "team"]
[EventRounds "3"]
[EventCountry "FRA"]
[SourceTitle "CBM 109 Extra"]
[Source "ChessBase"]
[SourceDate "2006.01.03"]
[SourceVersion "2"]
[SourceVersionDate "2006.01.03"]
[SourceQuality "1"]

1. e4 e5 2. Nf3 Nf6 3. Nc3 Bb4 4. Bc4 Nc6 5. a3 Ba5 6. b4 Bb6 7. d3 d6 8. h3 0-0 9. Bg5 h6 10. Bh4 Nd4 11. Nd5 g5 12. Bg3 Nxd5 13. Bxd5 Qf6 14. Nd2 c6 15. Ba2 Be6 16. 0-0 Rfe8 17. a4 a5 18. Bxe6 Qxe6 19. c3 axb4 20. cxd4 Bxd4 21. Rb1 Bc3 22. Nb3 Ra7 23. a5 Rea8 24. f3 Qe7 25. Be1 d5 26. Bxc3 bxc3 27. exd5 cxd5 28. d4 Qc7 29. Rc1 Rc8 30. Re1 c2 31. Qd3 Qc3 32. Re3 exd4 33. Nxd4 Qxd3 34. Rxd3 Rxa5 35. Rxc2 Ra1+ 36. Kh2 Rxc2 37. Nxc2 Ra5 38. Nb4 f5 39. Rxd5 Rxd5 40. Nxd5 Kf7 41. Kg3 Ke6 42. Nc3 Ke5 43. Nb5 h5 44. h4 g4 45. f4+ Kd5 46. Kf2 Kc5 47. Nc3 b5 48. Ke3 b4 49. Nb1 Kc4 50. g3 b3 51. Nd2+ Kc3 52. Nxb3 Kc4 53. Na5+ Kd5 54. Kd3 Kc5 55. Nb7+ Kd5 56. Nd8 Kd6 57. Kd4 Kd7 58. Nf7 Ke6 59. Nh6 Kf6 60. Kd5 Kg6 61. Ke5 Kxh6 62. Kxf5 Kg7 63. Kg5 1-0

[Event "FRA-chT U20 0506"]
[Site "France"]
[Date "2005.11.12"]
[Round "1.4"]
[White "Macarry, Elodie"]
[Black "Boutaut, Pierre"]
[Result "1-0"]
[WhiteElo "1850"]
[BlackElo "1863"]
[PlyCount "63"]
[EventDate "2005.11.12"]
[EventType "team"]
[EventRounds "3"]
[EventCountry "FRA"]
[SourceTitle "CBM 109 Extra"]
[Source "ChessBase"]
[SourceDate "2006.01.03"]
[SourceVersion "2"]
[SourceVersionDate "2006.01.03"]
[SourceQuality "1"]

1. e4 d6 2. d4 Nf6 3. Nc3 Nbd7 4. Nf3 e5 5. Bc4 Be7 6. Be3 c6 7. 0-0 0-0 8. a3 Qc7 9. Nd2 a5 10. a4 b6 11. Re1 exd4 12. Bxd4 Nc5 13. e5 Nfd7 14. exd6 Bxd6 15. Qh5 Ne6 16. Be3 Nf6 17. Qh4 Nf4 18. Bxf4 Bxf4 19. Nde4 Ng4 20. h3 Nh6 21. Qh5 Kh8 22. Rad1 Bf5 23. Qf3 Be6 24. Bd3 Nf5 25. Nd2 Nh4 26. Qe2 Rae8 27. Nde4 Bd5 28. Qh5 Ng6 29. Nxd5 cxd5 30. Qxd5 Re5 31. Qb3 h6 32. g3 1-0